[Event "Perth AUS Open Minor"]
[Site "?"]
[Date "2023.01.05"]
[Round "5.58"]
[White "Chan, Benny"]
[Black "Lee, Lucas"]
[Result "1/2-1/2"]
[WhiteElo "1377"]
[BlackElo "830"]
[PlyCount "68"]
[EventDate "2023.01.??"]
[EventRounds "11"]
[EventCountry "AUS"]
[SourceVersionDate "2023.01.02"]

1. e4 e5 2. Nf3 Nc6 3. Bc4 Nf6 4. d4 exd4 5. e5 Ng4 6. Bxf7+ Kxf7 7. Ng5+ Ke8 8. Qxg4 d6 9. e6 Qe7 10. f4 Qf6 11. Nd2 h6 12. Nde4 Qg6 13. f5 Bxe6 14. fxe6 d5 15. Ng3 Bb4+ 16. c3 dxc3 17. O-O hxg5 18. Bxg5 Bc5+ 19. Kh1 Be7 20. Qf4 Qxg5 21. Qxc7 Rd8 22. Qxb7 Rxh2+ 23. Kxh2 Qh4+ 24. Kg1 Bc5+ 25. Rf2 Bxf2+ 26. Kf1 Qc4+ 27. Kxf2 Qc5+ 28. Kf1 Ne7 29. Nf5 g6 30. Nxe7 Qxe7 31. Qc6+ Kf8 32. bxc3 Rd6 33. Qc8+ Qd8 34. Qxd8+ Rxd8 1/2-1/2

[Event "Perth AUS Open Minor"]
[Site "?"]
[Date "2023.01.05"]
[Round "5.59"]
[White "Arav, Jayden"]
[Black "Knight, Charles"]
[Result "1-0"]
[WhiteElo "1230"]
[BlackElo "1280"]
[PlyCount "117"]
[EventDate "2023.01.??"]
[EventRounds "11"]
[EventCountry "AUS"]
[SourceVersionDate "2023.01.02"]

1. e4 c6 2. d4 d5 3. exd5 cxd5 4. Nf3 Bg4 5. h3 Bxf3 6. Qxf3 e6 7. Bf4 Qb6 8. Qb3 Nf6 9. Bxb8 Rxb8 10. Bb5+ Nd7 11. Qa4 Rd8 12. O-O Bd6 13. Re1 a6 14. Bxd7+ Rxd7 15. Nc3 Qc6 16. Qb3 O-O 17. Rad1 f5 18. Rxe6 Bh2+ 19. Kxh2 Qxe6 20. Na4 b6 21. Rd3 Re8 22. Re3 Qd6+ 23. g3 Rxe3 24. Qxe3 Re7 25. Qd3 f4 26. Nc3 fxg3+ 27. fxg3 Qf6 28. Kg2 Qe6 29. Qxa6 Rf7 30. Qa8+ Rf8 31. Qxd5 Qxd5+ 32. Nxd5 Rd8 33. c4 b5 34. b3 bxc4 35. bxc4 Ra8 36. Kf3 Rxa2 37. c5 Kf7 38. Ke4 Ra3 39. Ne3 Ra4 40. Kd5 Ra3 41. Nf5 g6 42. Nd6+ Ke7 43. Ne4 Ra1 44. h4 Re1 45. Ke5 Rf1 46. d5 Rf5+ 47. Kd4 h6 48. c6 g5 49. g4 Rf4 50. hxg5 hxg5 51. Ke5 Rxg4 52. d6+ Kd8 53. d7 Kc7 54. Nf6 Rg1 55. Nd5+ Kd8 56. Kd6 Rc1 57. c7+ Rxc7 58. Nxc7 g4 59. Ne6# 1-0

[Event "Perth AUS Open Minor"]
[Site "?"]
[Date "2023.01.05"]
[Round "5.60"]
[White "Gupta, Aarnav"]
[Black "Ley, Nick"]
[Result "1-0"]
[WhiteElo "1458"]
[BlackElo "695"]
[PlyCount "81"]
[EventDate "2023.01.??"]
[EventRounds "11"]
[EventCountry "AUS"]
[SourceVersionDate "2023.01.02"]

1. d4 Nf6 2. c4 g6 3. Nf3 Bg7 4. Nc3 O-O 5. e3 d6 6. b3 c6 7. Bb2 Nbd7 8. Be2 Re8 9. O-O e5 10. Qc2 e4 11. Nd2 d5 12. Rac1 Nb6 13. cxd5 cxd5 14. Nb5 Bf5 15. Qc7 Re7 16. Qxd8+ Rxd8 17. Ba3 Red7 18. Nxa7 Ra8 19. Nb5 Rdd8 20. Rc2 Rdc8 21. Rfc1 Bd7 22. Bc5 Bxb5 23. Bxb5 Nbd7 24. a4 Bf8 25. Bxf8 Rxc2 26. Rxc2 Nxf8 27. Nb1 Ne6 28. Na3 Ne8 29. Bxe8 Rxe8 30. Nb5 f5 31. Kf1 Kf7 32. Nd6+ Ke7 33. Nxe8 Kxe8 34. Ke2 f4 35. f3 fxe3 36. Kxe3 exf3 37. gxf3 g5 38. Rc8+ Kd7 39. Rh8 Kc6 40. Rxh7 Kb6 41. Rh6 1-0

[Event "Perth AUS Open Minor"]
[Site "?"]
[Date "2023.01.05"]
[Round "5.62"]
[White "Kerr, Lennon"]
[Black "Ho, Oscar"]
[Result "0-1"]
[WhiteElo "691"]
[BlackElo "1208"]
[PlyCount "50"]
[EventDate "2023.01.??"]
[EventRounds "11"]
[EventCountry "AUS"]
[SourceVersionDate "2023.01.02"]

1. e4 c5 2. Nf3 d6 3. d4 cxd4 4. Nxd4 Nc6 5. Be3 Nf6 6. Nc3 g6 7. f3 Bg7 8. Qd2 O-O 9. O-O-O Bd7 10. g4 a6 11. h4 h5 12. gxh5 Nxh5 13. Be2 b5 14. Nxc6 Bxc6 15. f4 b4 16. Nd5 Bxd5 17. exd5 Qa5 18. Kb1 Ng3 19. Rhg1 Ne4 20. Qd3 Nc3+ 21. Kc1 Qxa2 22. h5 Ne4 23. Qxe4 Qxb2+ 24. Kd2 Qc3+ 25. Kc1 Qa3+ 0-1

[Event "Perth AUS Open Minor"]
[Site "?"]
[Date "2023.01.05"]
[Round "5.64"]
[White "Gunasekera, Tharanga Abesuriya"]
[Black "Clark, Peter"]
[Result "0-1"]
[WhiteElo "1079"]
[BlackElo "1370"]
[PlyCount "56"]
[EventDate "2023.01.??"]
[EventRounds "11"]
[EventCountry "AUS"]
[SourceVersionDate "2023.01.02"]

1. d4 d5 2. Bf4 e6 3. e3 Bd6 4. Bxd6 Qxd6 5. a3 Nf6 6. c4 O-O 7. Nc3 a6 8. Nf3 Nbd7 9. Be2 dxc4 10. Bxc4 b5 11. Bd3 Bb7 12. O-O Rfd8 13. Rc1 c5 14. dxc5 Nxc5 15. Be2 Rac8 16. Qxd6 Rxd6 17. b4 Ncd7 18. Nd4 Nb6 19. Bf3 Bxf3 20. Nxf3 Nc4 21. a4 bxa4 22. Nxa4 Rdc6 23. Rfd1 h6 24. Nd4 R6c7 25. Rxc4 Rxc4 26. Nb6 Rc1 27. Rf1 Rxf1+ 28. Kxf1 Rb8 0-1

[Event "Perth AUS Open Minor"]
[Site "?"]
[Date "2023.01.05"]
[Round "5.65"]
[White "Rice, Lana"]
[Black "Arav, Nathan"]
[Result "0-1"]
[WhiteElo "1065"]
[BlackElo "1422"]
[PlyCount "70"]
[EventDate "2023.01.??"]
[EventRounds "11"]
[EventCountry "AUS"]
[SourceVersionDate "2023.01.02"]

1. e4 c5 2. Nc3 d6 3. g3 Nc6 4. Bg2 Nf6 5. d3 g6 6. f4 Bg7 7. Nf3 Bg4 8. O-O Qd7 9. Be3 Bh3 10. Qd2 Bxg2 11. Kxg2 Ng4 12. Rab1 Nd4 13. Bxd4 cxd4 14. Nd1 h5 15. h3 Nf6 16. Nxd4 h4 17. gxh4 Rxh4 18. Nf2 O-O-O 19. Ne2 Rdh8 20. Rh1 Nh5 21. Qe3 Bh6 22. Qxa7 Nxf4+ 23. Nxf4 Bxf4 24. Qa8+ Kc7 25. Qa5+ Kb8 26. Qe1 Qb5 27. Qe2 Qg5+ 28. Kf1 Bg3 29. Qf3 Bxf2 30. Qd1 Qf4 31. Ke2 Qe3+ 32. Kf1 Rf4 33. Kg2 Qg3+ 34. Kf1 Be3+ 35. Ke2 Qf2# 0-1

[Event "Perth AUS Open Minor"]
[Site "?"]
[Date "2023.01.05"]
[Round "5.66"]
[White "Ong, Charis"]
[Black "Wu, Kobe"]
[Result "0-1"]
[WhiteElo "511"]
[BlackElo "1269"]
[PlyCount "72"]
[EventDate "2023.01.??"]
[EventRounds "11"]
[EventCountry "AUS"]
[SourceVersionDate "2023.01.02"]

1. d4 d5 2. Bf4 Bf5 3. e3 Nf6 4. Nf3 e6 5. c3 c5 6. Nbd2 Nc6 7. Ne5 Nxe5 8. dxe5 Ne4 9. Bd3 Nxf2 10. Bb5+ Ke7 11. Kxf2 c4 12. Qa4 f6 13. exf6+ gxf6 14. Qb4+ Kf7 15. Qa4 a6 16. Bd7 b5 17. Qd1 Qxd7 18. Qh5+ Bg6 19. Qg4 Bd6 20. Bg3 b4 21. Rac1 Rab8 22. b3 cxb3 23. axb3 bxc3 24. Rxc3 Rhc8 25. Rxc8 Rxc8 26. Rf1 Bxg3+ 27. hxg3 Rc2 28. Ke1 Rc1+ 29. Ke2 Qb5+ 30. Kf2 Rxf1+ 31. Nxf1 Qxb3 32. Nd2 Qd3 33. Qd1 Qc2 34. Qe1 a5 35. Ke2 Qb2 36. Kf1 a4 0-1

[Event "Perth AUS Open Minor"]
[Site "?"]
[Date "2023.01.05"]
[Round "5.67"]
[White "Arav, Callan"]
[Black "Ashok, Akash"]
[Result "1-0"]
[WhiteElo "1157"]
[BlackElo "643"]
[PlyCount "63"]
[EventDate "2023.01.??"]
[EventRounds "11"]
[EventCountry "AUS"]
[SourceVersionDate "2023.01.02"]

1. e4 e5 2. Nf3 Nc6 3. Bc4 Bc5 4. c3 Nf6 5. d4 exd4 6. cxd4 Bb4+ 7. Bd2 Nxe4 8. Bxb4 Nxb4 9. Nc3 d5 10. Nxe4 dxc4 11. Qa4+ Nc6 12. O-O-O O-O 13. d5 b5 14. Qxb5 Qe7 15. Rhe1 Ne5 16. d6 cxd6 17. Nxd6 Bd7 18. Qxe5 Qxe5 19. Nxe5 Be6 20. Nexc4 Bxc4 21. Nxc4 h6 22. Re7 Rfe8 23. Rxe8+ Rxe8 24. Rd2 Re1+ 25. Kc2 Re4 26. Kb3 Kf8 27. h3 h5 28. Nd6 Rh4 29. Nf5 Re4 30. Rd8+ Re8 31. Rxe8+ Kxe8 32. Nxg7+ 1-0

[Event "Perth AUS Open Minor"]
[Site "?"]
[Date "2023.01.05"]
[Round "5.68"]
[White "Gupta, Anoushka"]
[Black "Sethuraman, Jaswanth Ram"]
[Result "1-0"]
[WhiteElo "1343"]
[BlackElo "887"]
[PlyCount "89"]
[EventDate "2023.01.??"]
[EventRounds "11"]
[EventCountry "AUS"]
[SourceVersionDate "2023.01.02"]

1. e4 e5 2. Nf3 Nc6 3. Nc3 Nf6 4. Bb5 d6 5. h3 a6 6. Bxc6+ bxc6 7. d4 Qe7 8. dxe5 dxe5 9. O-O Nd7 10. Be3 Qd8 11. Qd3 Be7 12. Rfd1 O-O 13. a3 h6 14. Na4 f6 15. Qc4+ Kh8 16. Qxc6 Rb8 17. Bc5 Rb5 18. Bxe7 Qxe7 19. Nh4 Qf7 20. Qxc7 Rb7 21. Qd6 Qh5 22. Nc5 Rxb2 23. Nxd7 Rd8 24. Qc7 Qe8 25. Nb6 Bd7 26. Rxd7 Rxd7 27. Qxd7 Qxd7 28. Nxd7 Rxc2 29. Ng6+ Kg8 30. Nb8 a5 31. a4 Kf7 32. Nh8+ Kg8 33. Ng6 Kf7 34. Nh4 g5 35. Nf5 Ke6 36. Rd1 h5 37. Rd6+ Kf7 38. Rd7+ Ke8 39. Ng7+ Kf8 40. Nxh5 Rc4 41. Nxf6 Rxa4 42. Nc6 Ra1+ 43. Kh2 a4 44. Nxe5 a3 45. Ng6# 1-0

[Event "Perth AUS Open Minor"]
[Site "?"]
[Date "2023.01.05"]
[Round "5.69"]
[White "Schiavone, Isaac"]
[Black "Bultman, Grant"]
[Result "0-1"]
[WhiteElo "576"]
[BlackElo "1329"]
[PlyCount "52"]
[EventDate "2023.01.??"]
[EventRounds "11"]
[EventCountry "AUS"]
[SourceVersionDate "2023.01.02"]

1. e4 e5 2. Nf3 Nc6 3. Bc4 Nf6 4. d3 h6 5. Be3 d5 6. exd5 Nxd5 7. Bd2 Bg4 8. Nc3 Nxc3 9. Bxc3 Bc5 10. Bb5 Qf6 11. Bxc6+ Qxc6 12. Bxe5 Qe6 13. Qe2 O-O 14. c3 Rfe8 15. d4 Bb6 16. h3 Bxf3 17. Qxf3 f6 18. O-O fxe5 19. Rfe1 Rf8 20. Qxb7 Qf7 21. Re2 exd4 22. cxd4 Bxd4 23. Rf1 Rae8 24. Rd2 Be5 25. Qxa7 Qf4 26. g3 Qxd2 0-1

[Event "Perth AUS Open Minor"]
[Site "?"]
[Date "2023.01.05"]
[Round "5.70"]
[White "Sheth, Adidev"]
[Black "El Fayoumi, Adam"]
[Result "0-1"]
[WhiteElo "569"]
[BlackElo "1288"]
[PlyCount "66"]
[EventDate "2023.01.??"]
[EventRounds "11"]
[EventCountry "AUS"]
[SourceVersionDate "2023.01.02"]

1. e4 c5 2. Nc3 e6 3. f4 g6 4. Nf3 Ne7 5. d4 cxd4 6. Nxd4 a6 7. e5 d6 8. Ne4 Bg7 9. Nxd6+ Kf8 10. Bc4 Nbc6 11. Nxc6 Nxc6 12. O-O Bd7 13. Kh1 Qc7 14. Be3 Ne7 15. Bb3 h5 16. Kg1 Kg8 17. Qd2 Bf8 18. Rad1 Bc6 19. Qf2 Nd5 20. Ne4 Nxe3 21. Nf6+ Kg7 22. Qxe3 Bb5 23. Kh1 Bxf1 24. Rxf1 Rd8 25. c3 Be7 26. h3 Bxf6 27. exf6+ Kxf6 28. f5 exf5 29. h4 Rhe8 30. Qg5+ Kg7 31. g3 Qc6+ 32. Kh2 Re2+ 33. Kh3 Qg2# 0-1

[Event "Perth AUS Open Minor"]
[Site "?"]
[Date "2023.01.05"]
[Round "5.74"]
[White "Ashok, Anish"]
[Black "Chen, Albert"]
[Result "1/2-1/2"]
[WhiteElo "545"]
[BlackElo "1157"]
[PlyCount "57"]
[EventDate "2023.01.??"]
[EventRounds "11"]
[EventCountry "AUS"]
[SourceVersionDate "2023.01.02"]

1. d4 d5 2. Bf4 Bf5 3. Nf3 e6 4. e3 Nf6 5. c3 Bd6 6. Bg3 O-O 7. Bd3 Be4 8. Qc2 g6 9. Nbd2 Bxd3 10. Qxd3 Nc6 11. O-O-O a6 12. Kb1 b5 13. Rhe1 b4 14. e4 bxc3 15. Qxc3 Bxg3 16. hxg3 Na7 17. e5 Ne4 18. Nxe4 dxe4 19. Rxe4 Nb5 20. Qc1 h5 21. Qh6 Re8 22. Rf4 Nc3+ 23. Ka1 Qd5 24. bxc3 Qc4 25. Rc1 Rab8 26. Ng5 Rb1+ 27. Rxb1 Qxc3+ 28. Rb2 Qc1+ 29. Rb1 1/2-1/2

[Event "Perth AUS Open Minor"]
[Site "?"]
[Date "2023.01.05"]
[Round "6.58"]
[White "Chan, Benny"]
[Black "Arav, Jayden"]
[Result "1/2-1/2"]
[WhiteElo "1377"]
[BlackElo "1230"]
[PlyCount "239"]
[EventDate "2023.01.??"]
[EventRounds "11"]
[EventCountry "AUS"]
[SourceVersionDate "2023.01.02"]

1. e4 c5 2. c3 d5 3. exd5 Qxd5 4. d4 e6 5. Nf3 cxd4 6. cxd4 Nf6 7. Nc3 Qd8 8. Be2 Bb4 9. O-O O-O 10. Bg5 h6 11. Bh4 Be7 12. Ne5 Nh7 13. Bg3 Nd7 14. Qc2 Nb6 15. Rfd1 Nf6 16. Rac1 Bd7 17. Nxd7 Qxd7 18. Bb5 Qc8 19. Qe2 Qd8 20. Ne4 Nxe4 21. Qxe4 Qd5 22. Bd3 Qxe4 23. Bxe4 Rad8 24. Bxb7 Bd6 25. Bxd6 Rxd6 26. Bf3 Rfd8 27. Rc7 a5 28. Rc6 Rxc6 29. Bxc6 Rd6 30. Bf3 Nc4 31. b3 Na3 32. d5 e5 33. Be4 g6 34. g4 Nb5 35. Rc1 Nd4 36. Rc5 f5 37. gxf5 gxf5 38. Bg2 Ra6 39. Bf1 Nf3+ 40. Kh1 Rg6 41. Bg2 Ne1 42. Bh3 Nd3 43. Rc2 Ne1 44. Bxf5 Rg5 45. Be6+ Kg7 46. Rc3 e4 47. Rg3 Nd3 48. Rxg5+ hxg5 49. Kg1 Nc1 50. Bf5 Nxa2 51. Bxe4 Nc1 52. Bc2 Ne2+ 53. Kf1 Nf4 54. Be4 Kf6 55. f3 Ke5 56. Kf2 Nh5 57. Kg2 Nf6 58. Kg3 g4 59. Kf2 Kd6 60. Ke3 gxf3 61. Bxf3 Kc5 62. Kd3 Kb4 63. Kc2 Nd7 64. d6 Ne5 65. Kb2 Kc5 66. Ka3 Kxd6 67. Be2 Kc5 68. h4 Nf7 69. Ka4 Kb6 70. h5 Nh6 71. Bd3 Ng4 72. Bf5 Nh6 73. Be6 Ka6 74. Bc4+ Kb6 75. Ka3 Kc5 76. Kb2 Kb4 77. Kc2 Nf5 78. Bd3 Nh6 79. Bg6 Ng4 80. Kd2 Nh6 81. Bd3 Ng8 82. Ke2 Nh6 83. Bc4 Kc5 84. Be6 Kd4 85. Bd7 Ke4 86. Bc6+ Kf4 87. Kd3 Ke5 88. Kc4 Kd6 89. Kb5 Nf5 90. Be8 Ke7 91. Bg6 Nd4+ 92. Ka4 Kf6 93. Be8 Kg5 94. Ka3 Nf5 95. Kb2 Nd6 96. Bg6 Nb5 97. Kc2 Nd4+ 98. Kc3 Nf3 99. Be8 Kh6 100. Bb5 Ne5 101. Be2 Kg5 102. Kd4 Nd7 103. Kc4 Nb6+ 104. Kb5 a4 105. bxa4 Nxa4 106. Kxa4 Kh6 107. Kb5 Kg7 108. Kc5 Kh6 109. Kd5 Kg7 110. Ke5 Kh6 111. Kf4 Kh7 112. Kg5 Kg7 113. Bd3 Kg8 114. Bb1 Kg7 115. Ba2 Kh7 116. Bc4 Kh8 117. Kf6 Kh7 118. Kf7 Kh6 119. Be2 Kh7 120. Kf8 1/2-1/2

[Event "Perth AUS Open Minor"]
[Site "?"]
[Date "2023.01.05"]
[Round "6.59"]
[White "Ho, Oscar"]
[Black "Lee, Lucas"]
[Result "1-0"]
[WhiteElo "1208"]
[BlackElo "830"]
[PlyCount "59"]
[EventDate "2023.01.??"]
[EventRounds "11"]
[EventCountry "AUS"]
[SourceVersionDate "2023.01.02"]

1. d4 Nf6 2. c4 g6 3. Nc3 d5 4. cxd5 Nxd5 5. e4 Nxc3 6. bxc3 Bg7 7. Nf3 c5 8. Be3 Nc6 9. Rc1 Qa5 10. Bc4 O-O 11. O-O Bg4 12. e5 Rfd8 13. h3 Bxf3 14. Qxf3 e6 15. Rfd1 b5 16. Bxe6 fxe6 17. Qxc6 Qb6 18. Qe4 c4 19. Rb1 Rd5 20. Bg5 h6 21. Bf6 Kh7 22. h4 Bxf6 23. exf6 Rf8 24. a4 a6 25. axb5 Rxb5 26. Rxb5 axb5 27. Qe5 Re8 28. Rb1 Rb8 29. Rxb5 Qxb5 30. Qc7+ 1-0

[Event "Perth AUS Open Minor"]
[Site "?"]
[Date "2023.01.05"]
[Round "6.60"]
[White "Gupta, Aarnav"]
[Black "Feldblyum, Alexander"]
[Result "1/2-1/2"]
[WhiteElo "1458"]
[BlackElo "1117"]
[PlyCount "91"]
[EventDate "2023.01.??"]
[EventRounds "11"]
[EventCountry "AUS"]
[SourceVersionDate "2023.01.02"]

1. d4 c6 2. c4 d5 3. e3 Bf5 4. Bd3 Bxd3 5. Qxd3 e6 6. Nf3 Nf6 7. b3 Nbd7 8. Nbd2 Qc7 9. Bb2 Be7 10. O-O O-O 11. Rac1 Rfe8 12. Rfe1 Rac8 13. h3 h6 14. Rb1 Qb8 15. Rec1 Bd6 16. a3 e5 17. dxe5 Nxe5 18. Nxe5 Bxe5 19. Bxe5 Qxe5 20. Nf3 Qe7 21. c5 Ra8 22. Nd4 a5 23. Nf5 Qe4 24. Qxe4 Nxe4 25. f3 Nf6 26. Kf2 Reb8 27. Rb2 Nd7 28. f4 Kh7 29. g4 Nf6 30. Nd6 Kg8 31. Ke2 g6 32. Rc3 Ne8 33. Nxe8 Rxe8 34. b4 axb4 35. Rxb4 Re7 36. Rcb3 Ra7 37. Kd3 f5 38. gxf5 gxf5 39. Kd4 Re4+ 40. Kd3 Rxb4 41. Rxb4 Kf7 42. Kd4 Kf6 43. a4 Ke6 44. h4 Kf6 45. h5 Ke6 46. Kc3 1/2-1/2

[Event "Perth AUS Open Minor"]
[Site "?"]
[Date "2023.01.05"]
[Round "6.62"]
[White "Clark, Peter"]
[Black "Arav, Callan"]
[Result "1-0"]
[WhiteElo "1370"]
[BlackElo "1157"]
[PlyCount "75"]
[EventDate "2023.01.??"]
[EventRounds "11"]
[EventCountry "AUS"]
[SourceVersionDate "2023.01.02"]

1. d4 Nf6 2. Bf4 d5 3. e3 c5 4. c3 Nc6 5. Nd2 Bf5 6. Qb3 Qb6 7. dxc5 Qxb3 8. axb3 e5 9. Bg5 Bxc5 10. Bxf6 gxf6 11. b4 Bb6 12. Ngf3 d4 13. exd4 exd4 14. Bb5 dxc3 15. Bxc6+ bxc6 16. bxc3 O-O-O 17. O-O Rd3 18. Nc4 Kb8 19. Nxb6 axb6 20. Nd4 Bd7 21. Ra3 Rg8 22. Rfa1 Kc7 23. g3 h5 24. h4 f5 25. Ne2 Re8 26. Nf4 Rd2 27. R3a2 Rxa2 28. Rxa2 c5 29. bxc5 bxc5 30. Re2 Rxe2 31. Nxe2 Be8 32. Nf4 Kb6 33. Nxh5 Ka5 34. Nf4 Ka4 35. h5 Kb3 36. h6 Kxc3 37. h7 c4 38. h8=Q+ 1-0

[Event "Perth AUS Open Minor"]
[Site "?"]
[Date "2023.01.05"]
[Round "6.64"]
[White "Bultman, Grant"]
[Black "While, Lyndon"]
[Result "0-1"]
[WhiteElo "1329"]
[BlackElo "1226"]
[PlyCount "78"]
[EventDate "2023.01.??"]
[EventRounds "11"]
[EventCountry "AUS"]
[SourceVersionDate "2023.01.02"]

1. e4 Nf6 2. e5 Nd5 3. d4 d6 4. c4 Nb6 5. Qh5 Nc6 6. Nf3 g6 7. Qg5 Bg7 8. Bf4 f6 9. exf6 Bxf6 10. Qh6 Nxd4 11. Nxd4 Bxd4 12. Nc3 Bf5 13. Be2 Qd7 14. Rd1 Bxc3+ 15. bxc3 O-O-O 16. O-O Qc6 17. Bg5 Rde8 18. Qh4 Qe4 19. Qxe4 Bxe4 20. Rd4 Bf5 21. g4 e5 22. Rd2 Be6 23. c5 dxc5 24. Bf6 Rhf8 25. Bxe5 Bxa2 26. Bxc7 Kxc7 27. Rxa2 Nd5 28. Bc4 Nxc3 29. Rxa7 Ra8 30. Rxa8 Rxa8 31. Re1 b5 32. Bf1 Rd8 33. Rc1 b4 34. Bc4 Rd1+ 35. Rxd1 Nxd1 36. g5 Nb2 37. Bg8 c4 38. Bxh7 c3 39. Bxg6 b3 0-1

[Event "Perth AUS Open Minor"]
[Site "?"]
[Date "2023.01.05"]
[Round "6.65"]
[White "El Fayoumi, Adam"]
[Black "Gunasekera, Tharanga Abesuriya"]
[Result "1-0"]
[WhiteElo "1288"]
[BlackElo "1079"]
[PlyCount "51"]
[EventDate "2023.01.??"]
[EventRounds "11"]
[EventCountry "AUS"]
[SourceVersionDate "2023.01.02"]

1. e4 c6 2. Nf3 d5 3. Nc3 dxe4 4. Nxe4 Bf5 5. Ng3 Bg6 6. h4 h6 7. Ne5 Bh7 8. Bc4 e6 9. Qe2 Nd7 10. Nxf7 Qf6 11. Nxh8 O-O-O 12. h5 Bxc2 13. Ng6 Bc5 14. O-O Bxg6 15. hxg6 Qxg6 16. Ne4 Bb6 17. Bd3 e5 18. Nc5 Qd6 19. Nxd7 Rxd7 20. Bf5 Bc7 21. Bxd7+ Kxd7 22. Qg4+ Kd8 23. Qxg7 Ne7 24. Re1 e4 25. Rxe4 Nf5 26. Qg8+ 1-0

[Event "Perth AUS Open Minor"]
[Site "?"]
[Date "2023.01.05"]
[Round "6.66"]
[White "Knight, Charles"]
[Black "Kerr, Lennon"]
[Result "1-0"]
[WhiteElo "1280"]
[BlackElo "691"]
[PlyCount "37"]
[EventDate "2023.01.??"]
[EventRounds "11"]
[EventCountry "AUS"]
[SourceVersionDate "2023.01.02"]

1. e4 d5 2. exd5 Nf6 3. Bb5+ c6 4. dxc6 Nxc6 5. Nc3 e6 6. d4 Be7 7. Nf3 a6 8. Bd3 O-O 9. O-O Qc7 10. Bg5 Nd5 11. Nxd5 exd5 12. Re1 Bxg5 13. Bxh7+ Kh8 14. Nxg5 g6 15. Qf3 Kg7 16. Qxd5 f6 17. Re6 fxg5 18. Rxg6+ Kxh7 19. Qxg5 1-0

[Event "Perth AUS Open Minor"]
[Site "?"]
[Date "2023.01.05"]
[Round "6.67"]
[White "Ley, Nick"]
[Black "De Vas, Senudi"]
[Result "1-0"]
[WhiteElo "695"]
[BlackElo "1276"]
[PlyCount "69"]
[EventDate "2023.01.??"]
[EventRounds "11"]
[EventCountry "AUS"]
[SourceVersionDate "2023.01.02"]

1. c4 e6 2. Nc3 d5 3. cxd5 exd5 4. d4 Nf6 5. g3 Bf5 6. Bg2 c6 7. Nf3 Bd6 8. O-O O-O 9. Bg5 Nbd7 10. e3 h6 11. Bxf6 Nxf6 12. Nh4 Bh7 13. f4 Qb6 14. Rf2 Rfe8 15. Qe2 Rab8 16. f5 Qa6 17. Qd2 Ng4 18. Rf3 g6 19. h3 Nf6 20. fxg6 fxg6 21. Rxf6 Be7 22. Nxd5 Kg7 23. Re6 Bxh4 24. Rxe8 Rxe8 25. Nc7 Bg5 26. Nxe8+ Kf7 27. Nd6+ Ke7 28. Ne4 Ke6 29. Nxg5+ hxg5 30. Qf2 Qb5 31. Rf1 Qf5 32. Qe2 Qa5 33. Qc4+ Kd6 34. Qf7 c5 35. Rf6# 1-0

[Event "Perth AUS Open Minor"]
[Site "?"]
[Date "2023.01.05"]
[Round "6.69"]
[White "Ashok, Akash"]
[Black "Gunasekara, Aritha Chanthula Abe"]
[Result "0-1"]
[WhiteElo "643"]
[BlackElo "1079"]
[PlyCount "122"]
[EventDate "2023.01.??"]
[EventRounds "11"]
[EventCountry "AUS"]
[SourceVersionDate "2023.01.02"]

1. e4 c6 2. d4 d5 3. exd5 cxd5 4. Nf3 Bg4 5. Be2 e6 6. O-O Bd6 7. h3 Bh5 8. Nc3 Nf6 9. Bg5 O-O 10. Ne5 Bxe2 11. Qxe2 Be7 12. Qb5 Qc7 13. Bf4 Bd6 14. Qb3 a6 15. Na4 Nbd7 16. Nxd7 Nxd7 17. Bxd6 Qxd6 18. Rab1 b5 19. Nc3 Nb6 20. Nd1 Nc4 21. Qd3 Rac8 22. b3 Na3 23. Rc1 Rc6 24. Ne3 Rfc8 25. Qd2 Qc7 26. f4 Nxc2 27. Nxc2 Rxc2 28. Rxc2 Qxc2 29. Qxc2 Rxc2 30. Rf2 Rxf2 31. Kxf2 Kf8 32. Ke3 Ke7 33. Kd3 b4 34. g4 Kd6 35. Kc2 f6 36. f5 e5 37. Kd3 exd4 38. Kxd4 Kc6 39. h4 h6 40. Ke3 Kc5 41. Kd3 a5 42. h5 d4 43. Ke4 d3 44. Kxd3 Kd5 45. Ke3 Ke5 46. Kd3 Kf4 47. Kc4 Kxg4 48. Kb5 Kxh5 49. Kxa5 Kg4 50. Kxb4 h5 51. a4 h4 52. Kb5 h3 53. Kb6 h2 54. a5 h1=Q 55. a6 Qa8 56. a7 Kxf5 57. b4 Ke5 58. b5 Kd6 59. Ka6 Kc5 60. b6 Qc6 61. Ka5 Qb5# 0-1

[Event "Perth AUS Open Minor"]
[Site "?"]
[Date "2023.01.05"]
[Round "6.73"]
[White "Chen, Albert"]
[Black "Schiavone, Isaac"]
[Result "1-0"]
[WhiteElo "1157"]
[BlackElo "576"]
[PlyCount "43"]
[EventDate "2023.01.??"]
[EventRounds "11"]
[EventCountry "AUS"]
[SourceVersionDate "2023.01.02"]

1. d4 d5 2. Bf4 c5 3. e3 Nf6 4. Nf3 Bf5 5. Bb5+ Nc6 6. Bxc6+ bxc6 7. O-O e6 8. Ne5 Qb6 9. b3 Nh5 10. Qxh5 g6 11. Qd1 h5 12. Nc3 f6 13. Na4 Qb5 14. Nd3 Bxd3 15. Qxd3 g5 16. Qg6+ Ke7 17. Bxg5 fxg5 18. Qxg5+ Kd7 19. Qe5 Bd6 20. Qg7+ Be7 21. Nxc5+ Kd6 22. Qe5# 1-0

[Event "Perth AUS Open Minor"]
[Site "?"]
[Date "2023.01.05"]
[Round "6.81"]
[White "Li, Jeremy"]
[Black "Kalloor, Abner"]
[Result "0-1"]
[WhiteElo "331"]
[BlackElo "370"]
[PlyCount "72"]
[EventDate "2023.01.??"]
[EventRounds "11"]
[EventCountry "AUS"]
[SourceVersionDate "2023.01.02"]

1. e4 e5 2. Nf3 Nf6 3. Bc4 Bc5 4. O-O Nxe4 5. Nxe5 O-O 6. Nc3 Nxc3 7. bxc3 Bd6 8. Nf3 Nc6 9. d4 Na5 10. Qd3 Nxc4 11. Qxc4 b6 12. Re1 Ba6 13. Bg5 Qc8 14. Qd5 Bb7 15. Qc4 Bxf3 16. gxf3 Re8 17. Kh1 Rxe1+ 18. Rxe1 c5 19. Rg1 Bb8 20. d5 Qc7 21. Rg3 Qd6 22. Qg4 Qg6 23. Qxd7 Bxg3 24. fxg3 Qxg5 25. Qb7 Rf8 26. d6 h6 27. d7 Rd8 28. Qc8 Qe7 29. Kg2 Qxd7 30. Qa6 Re8 31. a3 Rd8 32. c4 Qe6 33. g4 Rd2+ 34. Kg3 Qe5+ 35. f4 Qe4 36. Kh4 Rxh2+ 0-1

[Event "Perth AUS Open Minor"]
[Site "?"]
[Date "2023.01.06"]
[Round "7.58"]
[White "Arav, Jayden"]
[Black "Ho, Oscar"]
[Result "0-1"]
[WhiteElo "1230"]
[BlackElo "1208"]
[PlyCount "64"]
[EventDate "2023.01.??"]
[EventRounds "11"]
[EventCountry "AUS"]
[SourceVersionDate "2023.01.02"]

1. e4 c5 2. Nf3 d6 3. d4 cxd4 4. Nxd4 Nc6 5. Nc3 Nf6 6. Bc4 g6 7. Be3 Bg7 8. Bb3 Ng4 9. Nxc6 bxc6 10. Qf3 O-O 11. h3 Nxe3 12. Qxe3 Be6 13. Rd1 Qa5 14. O-O Rab8 15. Ne2 Bxb2 16. Nd4 Bxd4 17. Rxd4 Qc5 18. Rfd1 a5 19. Qh6 Rb5 20. e5 Qxe5 21. Rh4 Qg7 22. Qe3 Re5 23. Qa7 Bxb3 24. axb3 Qf6 25. Rdd4 Re1+ 26. Kh2 Qxf2 27. Qxa5 Qg1+ 28. Kg3 Re3+ 29. Kf4 Qf2+ 30. Kg5 Re5+ 31. Qxe5 dxe5 32. Rd3 Qf6+ 0-1

[Event "Perth AUS Open Minor"]
[Site "?"]
[Date "2023.01.06"]
[Round "7.59"]
[White "Wu, Kobe"]
[Black "Chan, Benny"]
[Result "0-1"]
[WhiteElo "1269"]
[BlackElo "1377"]
[PlyCount "168"]
[EventDate "2023.01.??"]
[EventRounds "11"]
[EventCountry "AUS"]
[SourceVersionDate "2023.01.02"]

1. e4 c5 2. Nf3 a6 3. d4 cxd4 4. Nxd4 e5 5. Nf3 Nf6 6. Nc3 Bb4 7. Bd2 d6 8. Bd3 Nc6 9. a3 Bc5 10. b4 Ba7 11. O-O Bg4 12. h3 Bh5 13. Be2 Rc8 14. Be3 Bxe3 15. fxe3 Nxb4 16. axb4 Rxc3 17. Bd3 Qc7 18. Ra2 d5 19. exd5 e4 20. Bb5+ Nd7 21. Bxd7+ Kxd7 22. d6 Bxf3 23. dxc7+ Bxd1 24. Rxd1+ Kxc7 25. Kf2 Rd8 26. Rd4 Rxd4 27. exd4 Rc4 28. Ke3 f5 29. g4 Rc3+ 30. Kd2 Rxh3 31. gxf5 Rf3 32. Ke2 Kc6 33. Ra5 h5 34. f6 gxf6 35. Rxh5 f5 36. c4 b5 37. Rh6+ Kc7 38. c5 Rd3 39. Rd6 f4 40. d5 f3+ 41. Kf2 Rd2+ 42. Kg3 f2 43. Rf6 e3 44. Rf7+ Kc8 45. d6 Rd1 46. Rf8+ Kd7 47. Rf7+ Ke8 48. Re7+ Kd8 49. c6 Rxd6 50. c7+ Kc8 51. Rf7 Rd1 52. Rf8+ Kxc7 53. Kg2 Rg1+ 54. Kh2 f1=Q 55. Rc8+ Kd6 56. Rc6+ Kd5 57. Rc5+ Ke6 58. Re5+ Kf6 59. Re6+ Kg5 60. Rg6+ Kf4 61. Rg4+ Kf3 62. Rg3+ Ke2 63. Rf3 Ke1 64. Rxe3+ Qe2+ 65. Rxe2+ Kxe2 66. Kxg1 Kd3 67. Kf2 Kc4 68. Ke2 Kxb4 69. Kd2 Ka3 70. Kc3 a5 71. Kc2 Ka2 72. Kc1 b4 73. Kc2 b3+ 74. Kc3 b2 75. Kc4 b1=Q 76. Kc3 Qb4+ 77. Kc2 Qb3+ 78. Kc1 Qb2+ 79. Kd1 Kb3 80. Ke1 Kc3 81. Kf1 Kd3 82. Kg1 Ke3 83. Kh1 Kf3 84. Kg1 Qg2# 0-1